000 00846 a2200217 4500
999 _c5653
_d5653
020 _a0471360317
050 0 0 _aQC21.2 HAL 2001
100 1 _aHalliday, David,
_eauthor
245 1 0 _aFundamentals of physics.
250 _a6th ed. /
_bDavid Halliday, Robert Resnick, Jearl Walker.
264 _aNew York:
_bJohn Wiley & Sons,
_c2001
300 _a1 v. (various pagings) :
_bill.
500 _aIncludes index.
650 0 _aPhysics.
700 1 _aResnick, Robert,
_d1923-
700 1 _aWalker, Jearl,
_d1945-
856 4 2 _3Publisher description
_uhttp://www.loc.gov/catdir/description/wiley035/00702795.html
856 4 _3Table of Contents
_uhttp://www.loc.gov/catdir/toc/onix06/00702795.html
942 _2lcc
_cBK
_e6th
_h21.2
_iHAL
_kQC